Mythologie romaine - PJO - Statistiques

Statistiques générales
  • Ce quiz a été pris 27 fois
  • Le résultat moyen est 22 sur 51
Statistiques - réponses
Indices Réponses % Correct
Roi des dieux Jupiter
85%
Dieu de la guerre Mars
85%
Dieu des océans Neptune
85%
Dieu des voyageurs et messager Mercure
80%
Déesse de la beauté et de l'amour Vénus
80%
Dieu de la poésie, du tir à l'arc Apollon
75%
Dieu du vin et buveur de Pepsi Bacchus
75%
Dieu de l'amour Cupidon
75%
Reine des dieux Junon
75%
Déesse de la sagesse Minerve
75%
Déesse de la chasse Diane
70%
Dieu des enfers Pluton
70%
Déesse de l'agriculture Cérès
60%
Nombre de Cohortes 5
55%
Nom du Camp Romain Camp Jupiter
55%
Anciens Préteurs connus Reyna Ramirez-Arellano
55%
Centurions
50%
Percy Jackson
50%
Demi-dieux grecs de passages Percy Jackson
50%
Déesse du foyer sacré Vesta
50%
Annabeth Chase
45%
Préteurs actuels Frank Zhang
45%
Hazel Levesque
45%
Léo Valdez
45%
Nico di Angelo
45%
Jason Grace
40%
Octave
40%
Piper McLean
40%
Préteurs
35%
Colisée
30%
Lieux notables Nouvelle-Rome
30%
Sénat
30%
Dieu des frontières de la ville Terminus
30%
Centurions anciens connus Gwendolyn
25%
Larry
25%
Leila
25%
Champ de Mars
20%
Circus Maximus
20%
Dakota
20%
Hank
20%
Michael Kahale
20%
Michael Varus
20%
Université de la Nouvelle-Rome
20%
Légion du camp Douzième Légion Fulminata
15%
Centurions actuels connus Lavinia
15%
Grades Probatio
15%
Augure
10%
Camp Militaire
10%
Colline aux Temples
10%
Mess
10%
Pontifex Maximus
10%
Aucun quiz correspondant
Distribution des résultats
% des personnes avec chaque résultat
Percentile par nombre de réponses
Votre historique - résultats
Vous n’avez pas pris ce quiz